| 000 | 00411cam a2200181ua 4500 | ||
|---|---|---|---|
| 020 | _c4.00 | ||
| 041 |
_aeng _h |
||
| 082 |
_a823.308 _bALC/LI |
||
| 100 | _aAlcott, Louisa M . | ||
| 245 |
_aLittle women / _cLouisa M Alcott. _hTextual Documents |
||
| 250 |
_a1 / _b. |
||
| 260 |
_aLondon : _bDean & Sons. |
||
| 300 | _a216 ; . | ||
| 365 | _a4.00 | ||
| 504 | _a | ||
| 942 | _cBK | ||
| 999 |
_c7565 _d7565 |
||